000 00656nam a2200289Ia 4500
005 20260324133108.0
008 008 260324s9999 xx 000 0 eng d
020 _a9781315029559
037 _aEBOOK
040 _aCRL
040 _beng
040 _cCRL
041 _2eng
041 _aeng
084 _qCRL
100 _aJohn Mace
_91191773
245 0 _aPersian Grammar
245 0 _bFor Reference and Revision
260 _bTaylor and Francis
260 _c2003
365 _a
365 _b290
856 _uhttp://www.taylorfrancis.com/books/9781315029559
942 _cEBOOK
999 _c1790513
_d1790513